| 000 | 00668nam a22002297a 4500 | ||
|---|---|---|---|
| 005 | 20170124105955.0 | ||
| 010 | _aA-124998 | ||
| 020 | _c00.00 | ||
| 035 | _aA-124998 | ||
| 037 | _bCen Lib/Ret | ||
| 040 |
_aDPL _bEN |
||
| 082 |
_a338.954 _bKAB |
||
| 100 |
_aKabra, Kamal Nayan _980358 |
||
| 245 |
_aThe black economy in India : _cby Kamal Nayan Kabra _bproblems and policies / |
||
| 260 |
_aDelhi _bChanakya Publications _c1982 |
||
| 270 |
_aF-10/14, Model Town _bDelhi _e110009 |
||
| 300 |
_a189p. _c20cm(Hb) |
||
| 500 | _aIncludes index | ||
| 650 |
_aEconomics _980359 |
||
| 650 |
_aBlack market _914418 |
||
| 942 |
_2ddc _cEN _h338.954 _mKAB |
||
| 999 |
_c125450 _d125450 |
||